[Event "RUS-ch"]
[Site "Elista"]
[Date "1995.??.??"]
[Round "1"]
[White "Makarov, Marat"]
[Black "Dreev, Alexey"]
[Result "1/2-1/2"]
[WhiteElo "2520"]
[BlackElo "2670"]
[Annotator "Dolmatov,S"]
[PlyCount "107"]
[EventDate "1995.10.??"]
[EventType "swiss"]
[EventRounds "11"]
[EventCountry "RUS"]
[SourceTitle "CBM 050"]
[Source "ChessBase"]
[SourceDate "1996.02.01"]
[SourceVersion "1"]
[SourceVersionDate "1996.02.01"]
[SourceQuality "1"]

1. d4 d5 2. c4 c6 3. Nf3 Nf6 4. Nc3 e6 5. Qd3 Nbd7 $6 (5... dxc4 6. Qxc4 b5 7.
Qd3 Nbd7 8. g3 Bb7 9. Bg2 a6 10. Bg5 c5 $10) (5... b6 6. e4 dxc4 7. Qxc4 Ba6 8.
Qb3 Bxf1 9. Kxf1 Be7 10. g3 Nbd7 11. Kg2 O-O 12. Re1 Re8 $10 {Alburt,
L-Sveshnikov,E/URS/1977/ Inf 25/606/}) 6. e4 Bb4 7. e5 (7. cxd5 cxd5 8. e5 Ne4
9. Be2 Qc7 10. Bd2 (10. O-O Nxc3 11. bxc3 Qxc3 $15) 10... Nxd2 11. Qxd2 Nb8 $5
12. O-O Nc6 $14) 7... Ne4 8. Be2 Nb6 9. Qc2 (9. cxd5 $5 exd5 (9... Nxd5 $2 10.
Qxe4 Nxc3 11. bxc3 Bxc3+ 12. Bd2 Bxa1 13. O-O Bb2 14. Bb4 $16) (9... cxd5 $2
10. Qb5+ $18) (9... Qxd5 10. O-O Nxc3 11. bxc3 $16) 10. O-O Bf5 11. Qe3 $14)
9... Nxc3 10. bxc3 Be7 11. c5 (11. cxd5 $5 exd5 (11... cxd5 $6 12. O-O $14) (
11... Nxd5 12. O-O c5 13. Bb2 Bd7 14. Qe4 Bc6 15. Qg4 $14) 12. h3 Be6 13. O-O
Qd7 $14) 11... Nd7 12. c4 dxc4 (12... b6 $2 13. cxd5 exd5 (13... cxd5 $2 14. c6
$16) 14. cxb6 Qxb6 15. O-O $16) 13. Qxc4 (13. Bxc4 $6 b6 14. cxb6 axb6 $10)
13... b6 14. cxb6 Qxb6 15. O-O a5 (15... O-O $6 16. Bg5 $16) 16. Qc2 Ba6 17.
Rb1 Qd8 18. Bxa6 Rxa6 $16 19. Qc4 Qa8 20. Bg5 Bb4 (20... Nb6 $2 21. Rxb6 Rxb6
22. Bxe7 Kxe7 23. Qc5+ $18) 21. Qd3 h6 22. Bh4 (22. Bd2 Be7) 22... Rb6 (22...
O-O $2 23. a3 $18) 23. a3 Be7 24. Rxb6 Nxb6 25. Bxe7 Kxe7 26. Qc2 (26. a4 Nd5)
(26. Qe4 Rd8) 26... Nd7 27. h3 $6 (27. Rc1 Rc8 28. Qh7 Rg8 29. h4 $16) 27... g6
28. Rc1 Rc8 29. Qd2 g5 30. Qd3 (30. h4 $5 g4 (30... c5 31. hxg5 $18) 31. Nh2
$16) 30... c5 31. dxc5 Qd5 32. Qxd5 exd5 33. c6 Nb6 (33... Ke6 $2 34. Nd4+ Kxe5
35. cxd7 Rxc1+ 36. Kh2 $18) 34. Rc5 Nc4 35. Rxd5 (35. Nd4 Nxe5 36. Rxd5 Nxc6) (
35. a4 Ke6 36. c7 $18) (35. c7 Kd7 36. Nd4 Rxc7 37. Rxd5+ Ke7 38. a4 $16) 35...
Rxc6 36. Nd4 Rc7 37. a4 f6 38. exf6+ $2 (38. e6 $18) 38... Kxf6 39. g3 Ra7 40.
Rc5 Nb2 41. Rc6+ Ke5 $1 42. Rc2 (42. Rb6 $2 Nxa4 43. Nc6+ Kd5) 42... Rb7 $8 (
42... Kxd4 43. Rxb2 Rc7 44. Rb5 Rc5 45. Rxc5 Kxc5 46. Kg2 Kb4 47. f4 $18) 43.
Nc6+ Kd5 44. Nxa5 Rb6 45. g4 $2 (45. Kg2 $5 Nxa4 46. Nc4 Rb4 47. Ne3+ $16)
45... Nd3 $1 (45... Nxa4 46. Nc4 $14) 46. Nc4 Rb1+ 47. Kh2 Ra1 48. Nb6+ Ke4 $44
49. Re2+ Kd4 50. Nc8 Nf4 (50... Rxa4 $6 51. Nd6 $16) 51. Rd2+ Ke5 52. Nd6 Rxa4
53. Nf7+ Ke6 54. Nxh6 (54. Nxh6 Ra3 $10) 1/2-1/2

[Event "RUS-ch"]
[Site "Elista"]
[Date "1995.??.??"]
[Round "5"]
[White "Makarov, Marat"]
[Black "Zvjaginsev, Vadim"]
[Result "1/2-1/2"]
[WhiteElo "2520"]
[BlackElo "2600"]
[Annotator "Dolmatov,S"]
[PlyCount "147"]
[EventDate "1995.10.??"]
[EventType "swiss"]
[EventRounds "11"]
[EventCountry "RUS"]
[SourceTitle "CBM 050"]
[Source "ChessBase"]
[SourceDate "1996.02.01"]
[SourceVersion "1"]
[SourceVersionDate "1996.02.01"]
[SourceQuality "1"]

1. Nf3 d5 2. d4 Nf6 3. c4 e6 4. Nc3 c6 5. Bg5 h6 6. Bxf6 Qxf6 7. e3 Nd7 8. Bd3
dxc4 (8... Qd8 9. O-O Be7 10. cxd5 exd5 $14) (8... g6 9. e4 dxe4 (9... dxc4 $5)
10. Nxe4 Bb4+ 11. Ke2 Qd8 12. c5 O-O 13. h4 $16 {Ribli,Z-Farago,I/Magyarorszag/
1977/}) 9. Bxc4 g6 10. O-O Bg7 11. b4 O-O 12. Rc1 e5 (12... a5 $2 13. b5 $16) (
12... b6 $5 $14) 13. d5 $1 Nb6 14. dxc6 $1 bxc6 (14... Nxc4 15. Nd5 Qd6 16.
Rxc4 bxc6 (16... b5 17. Rc5 e4 18. Nd4) (16... Rd8 17. e4 $16) 17. Rxc6 Qd8 18.
e4 Bb7 19. Rc5 $16) 15. Ne4 Qe7 16. Qd6 Re8 $6 (16... Qxd6 17. Nxd6 Nxc4 18.
Nxc8 (18. Rxc4 $2 Ba6 $17) (18. Nxc4 e4 19. Nfd2 f5 20. Na5 Ba6 $13) 18...
Rfxc8 19. Rxc4 a5 20. bxa5 Rxa5 21. a4 $14) 17. Bb3 Bf5 18. Qxe7 Rxe7 19. Nc5
Kf8 $6 (19... e4 20. Nd4 Bxd4 21. exd4 a5 22. bxa5 Rxa5 $14) 20. e4 Bc8 21.
Rfd1 $16 Rc7 (21... Ke8 22. a4 $16) 22. Rd8+ (22. a4 Ke7 23. a5 Nd7 24. Ba4
Nxc5 25. Rxc5 Rb8 26. b5 Rd7) 22... Ke7 23. Rg8 Bf6 24. Nd3 Nd7 25. b5 $1 Bb7
26. Rxa8 Bxa8 27. Nb4 (27. Bd5 Kd6 (27... cxd5 $2 28. Rxc7 dxe4 (28... Kd6 29.
Rxa7 dxe4 30. Ndxe5 $18) 29. Nc5 Kd6 (29... exf3 30. Rxd7+ Ke8 31. Rxa7 $18)
30. Rxd7+ Kxc5 31. Rxf7 $18) 28. Bxf7 (28. bxc6 Bxc6 $10) 28... cxb5 29. Rxc7
Kxc7 30. Bxg6 a5 31. Kf1 b4 32. Ke2 $16) 27... c5 28. Bd5 Kd8 (28... Kd6 $6 29.
Na6 Rc8 30. Bxa8 Rxa8 31. Rd1+ Ke7 32. Nc7 $16) 29. Nc6+ (29. Na6 Bxd5 30. Nxc7
Bxa2 31. Na6 c4 $132) 29... Bxc6 30. bxc6 Nb8 31. Rxc5 $16 Ke7 32. Nd2 Kd6 33.
Rc2 Nxc6 34. Nc4+ Kd7 35. Bxf7 Ke7 36. Na5 Kd6 37. Rxc6+ $6 (37. Nxc6 $5 Rxc6
38. Rd2+ Ke7 39. Bb3 Rc1+ 40. Bd1 Bg5 41. Rd5 Ra1 42. a4 $16) 37... Rxc6 38.
Nxc6 Kxc6 39. Bxg6 Bg5 40. Kf1 (40. g3 Kd6 41. Kg2 Ke6 42. Kf3 Kf6 43. Be8 Bd2
44. Kg4 Be1 45. f4 Bd2 46. Bd7 Bc1 47. Bf5 Bd2 48. Kf3 Bc1 49. h4 Bd2 50. fxe5+
Kxe5 51. g4 Bc1 52. g5 hxg5 53. h5 g4+ 54. Kxg4 Kf6 $10) 40... Kd6 41. Ke2 Ke6
42. g3 Bc1 43. Kf3 Kf6 44. Be8 Kg5 45. Bd7 Bd2 46. Ke2 Bc1 47. Bc8 Kf6 48. Kd1
Ba3 49. f4 Bd6 50. fxe5+ Kxe5 51. Bb7 Bc7 52. Ke2 Kf6 53. Kf3 Kg5 54. Bc6 Bb6
55. h4+ Kf6 56. g4 Bc5 57. Bd7 Ba3 58. Ke3 Ke5 59. Kd3 Be7 60. h5 Bg5 61. Bf5
a5 62. Kc4 Bd8 63. Kc5 Be7+ 64. Kb5 Bd8 65. g5 hxg5 66. Kc6 g4 67. Kd7 g3 (
67... Bg5 68. Bxg4 Kxe4 69. Ke6 Kf4 70. Bd1 $18) 68. Bh3 Bg5 69. Bg2 a4 70. Kc6
a3 71. Kc5 Be7+ 72. Kc4 Bf8 73. Kb3 Kf6 74. Kc4 1/2-1/2

[Event "Barcelona"]
[Site "Barcelona"]
[Date "1992.05.??"]
[Round "7"]
[White "Rivas Pastor, Manuel"]
[Black "Dorfman, Josif D"]
[Result "0-1"]
[WhiteElo "2520"]
[BlackElo "2605"]
[Annotator "Dorfman,J"]
[PlyCount "78"]
[EventDate "1992.05.??"]
[EventType "tourn"]
[EventRounds "11"]
[EventCountry "ESP"]
[EventCategory "13"]
[SourceTitle "CBM 030"]
[Source "ChessBase"]
[SourceDate "1992.10.01"]
[SourceVersion "1"]
[SourceVersionDate "1992.10.01"]
[SourceQuality "1"]

1. d4 Nf6 2. c4 e6 3. Nf3 d5 4. Nc3 c6 5. Qb3 dxc4 6. Qxc4 b5 7. Qd3 Ba6 8. Qc2
(8. Ne4 $6 {Karpov}) 8... b4 9. Na4 Bb5 10. b3 Nbd7 11. Bb2 (11. e4) 11... Be7
12. e4 O-O 13. Bc4 (13. Be2 Qb8 14. O-O Qf4 15. e5 Qe4 $19) 13... Qa5 14. Nd2 (
14. O-O Bxc4 15. Qxc4 (15. bxc4 Nxe4) 15... Nxe4 16. Qxc6 Nef6 17. Rfc1 Nb6 $15
) 14... Bxa4 15. bxa4 Nb6 16. Bb3 Rac8 17. O-O c5 18. dxc5 Rxc5 19. Qd1 Rd8 20.
Re1 Rc7 21. Re2 (21. Rc1 Rcd7 22. Re2 Nxe4 $19) 21... Qa6 22. Be5 Rcc8 23. Bf4
Nfd7 24. Be3 Nc5 25. Bxc5 Rxc5 26. f4 Ra5 27. f5 Nxa4 28. Bxa4 Rxa4 29. fxe6
fxe6 30. Qf1 Rxa2 31. Rxa2 Qxa2 32. Nf3 Qc4 33. g3 Rf8 34. Kg2 Qd3 35. Qf2 Bc5
36. Qf1 a5 37. Ne5 Qc3 38. Nf3 b3 39. Re1 Rxf3 0-1

[Event "Politiken Cup 36th"]
[Site "Helsingor"]
[Date "2014.07.27"]
[Round "8"]
[White "Edouard, Romain"]
[Black "Matlakov, Maxim"]
[Result "1/2-1/2"]
[WhiteElo "2679"]
[BlackElo "2685"]
[Annotator "Edouard,R"]
[PlyCount "43"]
[EventDate "2014.07.21"]
[EventType "swiss"]
[EventRounds "10"]
[EventCountry "DEN"]
[SourceTitle "CBM 162"]
[Source "ChessBase"]
[SourceDate "2014.09.17"]
[SourceVersion "1"]
[SourceVersionDate "2014.09.17"]
[SourceQuality "1"]

1. d4 d5 2. c4 c6 3. Nf3 Nf6 4. Nc3 e6 5. Bg5 h6 6. Bxf6 Qxf6 7. e3 g6 8. Be2 {
The main point of this move is to open up more possibilities if Black decides
to capture on c4. Since the bishop won't be attacked on d3, White will have
time for e4-e5 (without giving Black time for ...Nd7 and ...e5) or Ne4/Nd2.}
Bg7 (8... Nd7 9. O-O dxc4 $6 10. Nd2 $14) 9. O-O O-O (9... Nd7 10. cxd5 exd5
11. b4 {is a typical position that is supposed to be pleasant for White.}) 10.
e4 ({The whole idea of delaying ...Nd7 has been shown in the following game:} 
10. cxd5 exd5 11. b4 Be6 $1 {Black has the time to develop his light-squared
bishop before going ...Nd7, which makes a quite important difference.} 12. Qb3
Qd8 13. Rfd1 Nd7 $11 {1/2-1/2 (45) Fridman,D (2627)-Giri,A (2752) NED 2014})
10... Nd7 11. exd5 ({The critical move could be} 11. e5 {while the game could
continue:} Qe7 12. Re1 Rd8 $1 13. c5 b6 14. b4 a5 15. a3 axb4 16. axb4 Rxa1 17.
Qxa1 bxc5 18. bxc5 f6 19. exf6 Qxf6 $13) 11... exd5 12. cxd5 c5 13. Ne4 (13.
dxc5 Nxc5 {is also critical, but Black will go ...Bf5 and put his rooks in the
centre. This simply looks to me like a typical Grünfeld pawn compensation.})
13... Qb6 14. dxc5 Nxc5 15. Nxc5 Qxc5 16. Rc1 Qb6 $5 $146 (16... Qb4 17. b3 Bf5
(17... Rd8 $5) 18. Bd3 Bd7 {was also quite fine for Black in 0-1 (57) Bacrot,E
(2722)-Eljanov,P (2732) Shamkir AZE 2014, and after} 19. Rc7 $5 $146 Rfd8 20.
Qd2 Qd6 21. Rxb7 Qxd5 22. Be4 Qxd2 23. Nxd2 Bf5 24. Bxf5 Rxd2 {Black would
easily make a draw.}) 17. b3 Qd6 $1 {Preventing Nd2. Black, again, has typical
compensation for the pawn.} 18. Qd2 (18. Nd2 Qxd5 19. Bf3 Qa5 20. Nc4 Qxa2 21.
Bd5 Be6 $11) 18... Bf5 19. Nh4 Bd7 20. g3 Rac8 21. Ng2 h5 22. Ne3 (22. a4 {
with the idea} a6 23. a5 {was also critical but I believed that in the
long-term the pawn would be weak on a5. After something like} Rfe8 24. Ne3 Bh6
25. Rxc8 Bxc8 {I do not think White can be better, and I would even prefer to
play the position with Black.}) (22. Ne3 b5 23. Rxc8 Rxc8 24. Rc1 Rxc1+ (24...
Re8 $5) 25. Qxc1 Bd4 $11) 1/2-1/2

[Event "San Martin"]
[Site "San Martin"]
[Date "1995.??.??"]
[Round "2"]
[White "Ricardi, Pablo"]
[Black "Valerga, Diego"]
[Result "1-0"]
[WhiteElo "2530"]
[BlackElo "2465"]
[Annotator "Endgame-CD"]
[PlyCount "131"]
[EventDate "1995.03.??"]
[EventType "tourn"]
[EventRounds "13"]
[EventCountry "ARG"]
[EventCategory "10"]
[SourceTitle "CBM 048"]
[Source "ChessBase"]
[SourceDate "1995.10.01"]
[SourceVersion "1"]
[SourceVersionDate "1995.10.01"]
[SourceQuality "1"]

1. d4 d5 2. c4 c6 3. Nf3 Nf6 4. Nc3 e6 5. Bg5 h6 6. Bxf6 Qxf6 7. e3 Nd7 8. Bd3
Qd8 9. O-O Be7 10. Qe2 O-O 11. Rad1 dxc4 12. Bxc4 b5 13. Bd3 Bb7 14. e4 b4 15.
Na4 Re8 16. b3 Rc8 17. Ba6 Qc7 18. Rc1 Qb8 19. Rfd1 Bf8 20. Bd3 a5 21. h3 Qa7
22. Qe3 Ba6 23. Bxa6 Qxa6 24. Rc4 g6 25. Qf4 Bg7 26. e5 Nb6 27. Nxb6 Qxb6 28.
Nd2 g5 29. Qf3 Red8 30. Ne4 Rd5 31. Nf6+ Bxf6 32. Qxf6 Rcd8 33. Qxh6 Rxe5 34.
h4 Rdd5 35. Rd3 Re1+ 36. Kh2 Qc7+ 37. Rg3 Rf5 38. f4 Qxf4 39. Rxc6 Qb8 40. Rc5
Rxc5 41. dxc5 Qe5 42. Qxg5+ Qxg5 43. Rxg5+ Kh7 44. Kg3 Rc1 45. Re5 Kg7 46. c6
Rxc6 47. Rxa5 Rc2 48. Kf3 Rd2 49. g4 Kg6 50. h5+ Kh6 51. Kf4 Rd4+ 52. Kg3 Rd2
53. Ra7 f5 54. Re7 fxg4 55. Kxg4 Rg2+ 56. Kf3 Rxa2 57. Rxe6+ Kxh5 58. Rb6 Kg5
59. Ke4 Rh2 60. Kd5 Kf5 61. Rxb4 $18 Rh3 (61... Rh8 62. Rb6 Rd8+ 63. Kc5 $18)
62. Rb7 Rd3+ 63. Kc4 Rd8 64. b4 Ke6 65. Kc5 Rc8+ 66. Kb6 1-0

[Event "Budapest FS09 GM"]
[Site "Budapest"]
[Date "2004.09.06"]
[Round "3"]
[White "Dearing, Eddie"]
[Black "Erenburg, Sergey"]
[Result "1-0"]
[WhiteElo "2390"]
[BlackElo "2533"]
[Annotator "Erenburg,S"]
[PlyCount "89"]
[EventDate "2004.09.04"]
[EventType "tourn"]
[EventRounds "13"]
[EventCountry "HUN"]
[EventCategory "8"]
[SourceTitle "CBM 102 Extra"]
[Source "ChessBase"]
[SourceDate "2004.11.03"]
[SourceVersion "1"]
[SourceVersionDate "2004.11.03"]
[SourceQuality "1"]

1. d4 d5 2. c4 e6 3. Nc3 c6 4. Nf3 Nf6 5. Bg5 h6 {Moscow variation. Other
theoretical options are:} (5... dxc4 {leads to Botvinnik variation.}) (5...
Nbd7 {- Cambridge Springs.}) 6. Bh4 {sacrificing the c4 pawn. More positional
option of fighting for an advantage is} (6. Bxf6 Qxf6) 6... dxc4 7. e4 g5 8.
Bg3 b5 9. Be2 {The most principle continuation. Other ones are} (9. e5 $5 {
0-1 Halldorsson,B-Erenburg,S/Reykjavik 2004/[Erenburg] (24)}) (9. Qc2 {0-1
Yurtaev,L-Shirov,A/Elista 1998/CBM 66 ext/[Lutz] (26)}) (9. Ne5 $5 {0-1 Jobava,
B-Asrian,K/Dubai 2001/CBM 83/[Lutz] (52)}) (9. h4 $6 {0-1 Filippov,V-Novikov,I/
Koszalin 1999/CBM 73/[Lutz] (69)}) 9... Bb7 {Black has the following
alternatives:} (9... Nbd7 10. d5 {0-1 Zhu Chen-Dreev,A/Shenyang 1999/CBM 73/
[Kortschnoj] (48)}) (9... b4 $6 10. Na4 Nxe4 11. Be5 {1-0 Sakaev,K-Kobalija,M/
St Petersburg 1998/CBM 67/[Lutz] (25)}) (9... Bb4 {0-1 Van Wely,L-Dao Thien
Hai/Batumi 2001/CBM 86/[Lutz] (34)}) 10. Ne5 {Quite rare continuation in
comparison to} (10. h4 g4 11. Ne5 {0-1 Khalifman,A-Acs,P/Hoogeveen 2002/CBM 92/
[Lutz] (35)}) ({Also possible:} 10. e5 {1-0 Gershon,A-Shinkevich,V/Moscow 2002/
CBM 88/[Lutz] (24)}) 10... Nbd7 {Black tried also the following possibilities:}
(10... b4 $2 11. Na4 Nxe4 (11... c5 12. Nxc5 Bxc5 13. dxc5 Qxd1+ 14. Bxd1 $1
$16) 12. Bh5 $16) (10... h5 {1/2-1/2 Sasikiran,K-Novikov,I/Qingdao 2002/CBM 91/
[Lutz] (37)}) (10... Bg7 {0-1 Oms Pallise,J-Korneev,O/Dos Hermanas 2001/CBM 83/
[Lutz] (26)}) (10... Bb4 11. O-O Nbd7 12. f4 Bxc3 13. bxc3 Nxe5 14. fxg5 Nfd7
15. dxe5 Qxg5 16. Rxf7 O-O-O 17. Bg4 Qg6 18. Bh5 Qxe4 19. Qd6 Qd5 20. Rd1 $40 {
1-0 Sasikiran,K-Ramesh,R/Udaipur 2000/EXT 2001 (32)}) 11. Qc2 {White doesn't
hurry with the castle, but bring all the forces towards the centre, keeping
the option of h2-h4.} (11. h4 {0-1 Atalik,S-Markus,R/Jahorina 2003/CBM 94 ext/
[Atalik] (55)}) (11. O-O b4 12. Nxd7 Kxd7 $2 13. e5 bxc3 14. exf6 cxb2 15. Rb1
Ba3 16. Qa4 Qf8 17. Bxc4 Kc8 18. Ba6 {1-0 Sasikiran,K-Hatanbaatar,B/Istanbul
2000/EXT 2001 (18)}) 11... Bg7 {The alternatives are:} (11... Rg8 12. Rd1 Nxe5
13. Bxe5 Nd7 14. Bg3 Qb6 15. O-O a6 16. d5 O-O-O 17. dxe6 fxe6 18. Bg4 c5 19.
e5 Be7 20. Qh7 Rge8 21. Qf7 Qc6 22. Bf3 Qc7 23. Qxe6 $40 {1-0 Topalov,V-Bareev,
E/Frankfurt 2000/CBM 76 ext (49)}) (11... Nxe5 12. Bxe5 Be7 13. O-O Qb6 14.
Rad1 Rg8 15. b3 cxb3 16. axb3 $44 {0-1 Van Wely,L-Dreev,A/Neum 2000/EXT 2001 
(36)}) 12. Rd1 Qb6 ({After} 12... Nxe5 {white has got very strong initiative:}
13. Bxe5 Qa5 14. O-O O-O 15. f4 Nh7 16. Bxg7 Kxg7 17. fxg5 hxg5 18. e5 c5 19.
d5 $40 {1-0 Topalov,V-Komljenovic,D/Villarrobledo 2000/EXT 2001 (32)}) 13. h4 {
Probably, makes more problems for black than} (13. O-O {1/2-1/2 Chuchelov,
V-Grischuk,A/Istanbul 2003/CBM 96/[Lutz] (25)}) 13... Nxe5 $146 {According to
my database, this position appeared for the first time. In the previous game
black continued} (13... Rd8 14. hxg5 hxg5 15. Rxh8+ Bxh8 16. Nxd7 Nxd7 17. e5
Nf8 18. Ne4 Rxd4 19. Nd6+ Ke7 20. Nxb7 Nd7 21. Nd6 $18 {1-0 Van Wely,L-Acs,P/
Amsterdam NED 2004/The Week in Chess 507 (40)}) 14. Bxe5 Qa5 {seems strange...
Black's idea was to react with b5-b4 after white plays b2-b3, that the queen
will not be attacked by Na4.} (14... Rd8 {comes to consideration.}) 15. O-O
O-O-O ({It is very dangerous to castle short:} 15... O-O 16. hxg5 hxg5 17. f4
$40) 16. b3 b4 $2 {After this mistake, black gets strategically losing
position... Much better was} (16... c5 17. bxc4 (17. dxc5 b4 $132) 17... b4 $13
) 17. Na4 c3 18. a3 $1 {This simple move destroys black's pawn construction,
white is going to win the pawn back.} Ne8 {Black's pieces are very passive, so
I needed somehow to change some of them.} 19. axb4 Qxb4 20. Nxc3 $16 {White
has succeeded to win the pawn back, his pieces are located much better, black
monarch is vulnerable. All these factors give white very big advantage.} ({
Much worse is} 20. Bxg7 Nxg7 21. Qxc3 Qxc3 22. Nxc3 Rd7 $13) 20... Bxe5 ({
I was really surprised, when I realised that I cannot take on d4 with the rook,
that would promise black not bad position...} 20... Rxd4 $4 21. Rxd4 $18) 21.
dxe5 {White's position is near to winning. Black's light pieces are absolutely
out of the game, especially light-squared bishop.} Nc7 (21... Rxd1 22. Rxd1 Qc5
23. b4 Qxe5 24. Nb5 $40) 22. Na4 $1 {with following occupation of c5
stronghold.} Rxd1 {It is the only chance to change the heavy pieces, and to
look for the rescue in endgame.} 23. Rxd1 Rd8 24. hxg5 hxg5 (24... Rxd1+ 25.
Qxd1 hxg5 26. Qd6 $18 {- see the game.}) 25. Rxd8+ Kxd8 26. Qd3+ Kc8 $6 {
missing last chance.} (26... Ke7 {loses as well:} 27. Qe3 Qe1+ 28. Kh2 Kf8 (
28... Ke8 29. Qxa7) (28... Ba6 29. Qc5+ Ke8 30. Qxc6+ $18) 29. Nc5 $18) ({
More resistant was} 26... Ke8 27. Qd6 Qe1+ 28. Bf1 Na6 29. Nb2 $1 $16 (29. Qd4
Nb4 30. Nc5 Bc8 31. Qd6 Qc3 $16)) 27. Qd6 $1 {White is going to get winning
endgame, thanks to paralized black's light-squared bishop.} Qxd6 (27... Qe1+ {
doesn't make black's life easier:} 28. Bf1 (28. Kh2 Kb8 $1) 28... Kb8 (28...
Ba6 29. Qf8+ Kb7 30. Nc5+ Kb6 31. Nd7+ Ka5 32. Qa3#) 29. Nc5 $18) 28. exd6 Nb5
29. e5 $18 {White has protected passed pawn, black plays without bishop, that
make realization really easy.} Nd4 (29... f6 {is met by} 30. Bxb5 cxb5 31. exf6
$18) 30. Bc4 c5 {Otherwise white plays Nc5.} 31. Nxc5 Ba8 ({More resistant was
} 31... Bd5 {, but with exact play white should win it:} 32. Bxd5 exd5 33. Kh2
Nc6 34. Nd3 Kd7 35. Kg3 Ke6 36. f4 $18) 32. f3 Nc6 33. Nd3 Na5 34. Kf2 {
White doesn't afraid of capture on c4- his monarch is going to take care of
the "a" pawn.} Kd7 35. Bb5+ Bc6 36. Nc5+ Ke8 37. b4 $1 {killing all the
black's miserable chances. It was good time to resign.} Bxb5 38. bxa5 Bc6 39.
Kg3 Bb5 40. Kg4 Bf1 41. g3 Be2 42. Ne4 Kd7 43. Nxg5 f6 44. exf6 Kxd6 45. Nh7 {
promoting the pawn.} 1-0